000 00313nam a22001457a 4500
999 _c16660
_d16660
003 OSt
005 20170316131232.0
008 131204t xxu||||| |||| 00| 0 eng d
020 _a0-521-58694-1
040 _cASAB
082 _a616.69
100 _aJohn E. Smith
_9389
245 _aBiotechnology
_cby John E. Smith
250 _a3rd Ed.
300 _a236 P
942 _2ddc
_cBK